00438nam a2200169Ia 4500008004100000020001400041040001900055041001200074082002300086100001800109245003000127260003300157300001900190650002000209651002300229850001600252131103s9999 xx 000 0 und d a718136039 aLoreto College aEnglish aF/FRAbLCBED/11571 aFrancis, Dick aWild horsescDick Francis aLondonbMichael josephc1994 a282p. c 20cm. aEnglish fiction aEnglish literature aLCBED/F/FRA